000 00352nam a2200145Ia 4500
008 191201s2005 xx 000 0 und d
082 _a621.3
_bMEB
100 _aMEHTA, Y P
245 0 _aBasic Electrical Engineering
250 _a2nd
260 _aN.Delhi
_bDhanpat Rai Pub (P) Ltd
_c2005
300 _a645
650 _aB.Tech(ECE)
942 _2ddc
_cBK
999 _c1780
_d1780